Obama Shaking Hands With the World Quiz Stats

Quiz Updated Aug 4, 2015

Challenge
Share
Tweet
Score 0/28 Timer 08:00
7 Plays Today
% Correct
Vladimir Putin, President of Russia
98.4%
Angela Merkel, Chancellor of Germany
95%
David Cameron, Prime Minister of The United Kingdom
86.4%
Shinzō Abe, Prime Minister of Japan
78%
Xi Jinping, President of China
74.1%
Stephen Harper, Prime Minister of Canada
73.9%
Abdullah bin Abdulaziz Al Saud, King of Saudi Arabia
71.2%
Park Geun-Hye, President of South Korea
66.5%
Libyan Leader Muammar Gaddafi
66.3%
Hugo Chávez, President of Venezuela
65.6%
Jacob Zuma, President of South Africa
61%
Matteo Renzi, Prime Minister of Italy
60.5%
Recep Tayyip Erdoğan, Prime Minister of Turkey
58.6%
Benjamin Netanyahu Prime Minister of Israel
58.4%
% Correct
Enrique Peña Nieto, President of Mexico
58.1%
Cristina Fernandez de Kirchner, President of Argentina
53.2%
Fredrik Reinfeldt, Prime Minister of Sweden
50.6%
Dilma Rousseff, President of Brazil
48.5%
Hamid Karzai, President of Afghanistan
47.2%
François Hollande, President of France
45.3%
Donald Tusk, Prime Minister of Poland
37.3%
Yingluck Shinawatra, Prime Minister of Thailand
35.3%
Raúl Castro, President of Cuba
33.8%
Tony Abbott, Prime Minister of Australia
33%
Laura Chinchilla, President of Costa Rica
24.8%
Juan Manuel Santos, President of Colombia
23.6%
Benigno Aquino, President of The Philippines
20.4%
Abdullah II, King of Jordan
15.9%

You're not logged in!

Compare scores with friends on all Sporcle quizzes.
Sign Up with Email
OR
Log In

You Might Also Like...

Show Comments

Extras

Top Quizzes Today


Score Distribution

Your Account Isn't Verified!

In order to create a playlist on Sporcle, you need to verify the email address you used during registration. Go to your Sporcle Settings to finish the process.